SIMON INCOME TAX (Record no. 20760)
[ view plain ]
| 000 -LEADER | |
|---|---|
| fixed length control field | 00249nam a22001217a 4500 |
| 003 - CONTROL NUMBER IDENTIFIER | |
| control field | SGT |
| 082 ## - DEWEY DECIMAL CLASSIFICATION NUMBER | |
| Classification number | 336.24092 |
| Item number | SIM |
| 100 ## - MAIN ENTRY--PERSONAL NAME | |
| Personal name | SIMON |
| 245 ## - TITLE STATEMENT | |
| Title | SIMON INCOME TAX |
| 260 ## - PUBLICATION, DISTRIBUTION, ETC. (IMPRINT) | |
| Place of publication, distribution, etc | LONDON |
| Name of publisher, distributor, etc | BUTTERWORTH |
| Year of Publication | 1952 |
| 300 ## - PAGE DESCRIPTION | |
| No. of Pages | XIX , 660 |
| 942 ## - ADDED ENTRY ELEMENTS (KOHA) | |
| Source of classification or shelving scheme | Dewey Decimal Classification |
| Koha item type | Books |
| Withdrawn status | Lost status | Source of classification or shelving scheme | Damaged status | Not for loan | Collection code | Home library | Current library | Shelving location | Date acquired | Volume Information (Serial or Books or Non-Book Material) | SGTU | Full call number | Accession No. (Barcode) | Date last seen | Bill Date | Koha item type |
|---|---|---|---|---|---|---|---|---|---|---|---|---|---|---|---|---|
| Dewey Decimal Classification | Not For Loan | LAW | SGT Science & Social Sciences Library | SGT Science & Social Sciences Library | Reference Book | 24/10/2020 | 1 | SGTU | 336.24092 SIM | FL2503 | 24/10/2020 | 24/10/2020 | Books | |||
| Dewey Decimal Classification | Not For Loan | LAW | SGT Science & Social Sciences Library | SGT Science & Social Sciences Library | Reference Book | 24/10/2020 | 3 | SGTU | 336.24092 SIM | FL2504 | 24/10/2020 | 24/10/2020 | Books |